[Event "Fortaleza Edmar Monte 4th"]
[Site "Fortaleza"]
[Date "2017.07.27"]
[Round "1"]
[White "De Araujo, Jose Claudio"]
[Black "Vieira Costa, Francisco Sergio"]
[Result "0-1"]
[WhiteElo "1883"]
[BlackElo "1745"]
[PlyCount "106"]
[EventDate "2017.07.27"]
[EventType "swiss"]
[EventRounds "6"]
[EventCountry "BRA"]
[SourceTitle "EXT 2018"]
[Source "ChessBase"]
[SourceDate "2017.10.13"]
[SourceVersion "1"]
[SourceVersionDate "2017.10.13"]
[SourceQuality "1"]

1. d4 Nf6 2. c4 g6 3. Nc3 Bg7 4. e4 d6 5. Be2 0-0 6. Bg5 c5 7. d5 a6 8. Nf3 Nbd7 9. h3 Nh5 10. Qd2 Bxc3 11. Qxc3 f6 12. Bh6 Rf7 13. g4 Ng7 14. Nh2 Qe8 15. 0-0-0 e5 16. h4 Nb6 17. Rdf1 Qa4 18. Kb1 Nd7 19. Bd2 b5 20. b3 b4 21. bxa4 bxc3 22. Bxc3 Rb8+ 23. Kc2 Nf8 24. Rb1 Rfb7 25. Rxb7 Rxb7 26. Rb1 Nd7 27. Rxb7 Bxb7 28. Ba5 Kf7 29. Nf1 f5 30. gxf5 gxf5 31. Ng3 f4 32. Nh5 Nxh5 33. Bxh5+ Ke7 34. Bg4 Nf6 35. Bf5 h5 36. f3 Nd7 37. Kd3 Nf6 38. Ke2 Nd7 39. Kf2 Nf6 40. Kg2 Nd7 41. Kh3 Nf6 42. Bb6 Nd7 43. Ba5 Nf6 44. Be1 Kd8 45. Ba5+ Ke7 46. Bc7 Ne8 47. Bb6 Ng7 48. Bg4 hxg4+ 49. Kxg4 Bc8+ 50. Kg5 Bh3 51. Kg6 Ne8 52. Kg5 Bg2 53. h5 Bxf3 0-1

[Event "Fortaleza Monte Cup"]
[Site "Fortaleza"]
[Date "2017.04.23"]
[Round "5"]
[White "Vieira Costa, Francisco Sergio"]
[Black "Montenegro Monteiro, Jose Quintino"]
[Result "1-0"]
[WhiteElo "1710"]
[BlackElo "1849"]
[PlyCount "63"]
[EventDate "2017.04.21"]
[EventType "swiss"]
[EventRounds "6"]
[EventCountry "BRA"]
[SourceTitle "CBM 178 Extra"]
[Source "ChessBase"]
[SourceDate "2017.06.22"]
[SourceVersion "1"]
[SourceVersionDate "2017.06.22"]
[SourceQuality "1"]

1. e4 c5 2. Nf3 e6 3. Bc4 Nc6 4. c3 Ne5 5. Be2 c4 6. d4 cxd3 7. Bxd3 Qc7 8. 0-0 d6 9. h3 Be7 10. Bg5 Bd7 11. Re1 Nc6 12. Na3 a6 13. Nc2 Nf6 14. Nfd4 Rb8 15. Nf3 Ne5 16. Nxe5 dxe5 17. a4 0-0 18. Re3 Bc6 19. Bxf6 Bxf6 20. Qg4 g6 21. Rf3 Bg7 22. h4 f5 23. Qh3 Qe7 24. Re1 h5 25. Rg3 Kh7 26. b3 f4 27. Rf3 Rbe8 28. g3 fxg3 29. Qxg3 Rxf3 30. Qxf3 Rf8 31. Qg3 Bf6 32. Rf1 1-0